<?xml version="1.0" encoding="UTF-8"?><?xml-stylesheet type="text/xsl" href="static/style.xsl"?><OAI-PMH xmlns="http://www.openarchives.org/OAI/2.0/" xmlns:xsi="http://www.w3.org/2001/XMLSchema-instance" xsi:schemaLocation="http://www.openarchives.org/OAI/2.0/ http://www.openarchives.org/OAI/2.0/OAI-PMH.xsd"><responseDate>2026-04-17T17:23:42Z</responseDate><request verb="GetRecord" identifier="oai:www.recercat.cat:10459.1/468970" metadataPrefix="marc">https://recercat.cat/oai/request</request><GetRecord><record><header><identifier>oai:recercat.cat:10459.1/468970</identifier><datestamp>2025-11-27T06:28:38Z</datestamp><setSpec>com_2072_3622</setSpec><setSpec>col_2072_478537</setSpec></header><metadata><record xmlns="http://www.loc.gov/MARC21/slim" xmlns:dcterms="http://purl.org/dc/terms/" xmlns:xsi="http://www.w3.org/2001/XMLSchema-instance" xmlns:doc="http://www.lyncode.com/xoai" xsi:schemaLocation="http://www.loc.gov/MARC21/slim http://www.loc.gov/standards/marcxml/schema/MARC21slim.xsd">
   <leader>00925njm 22002777a 4500</leader>
   <datafield ind2=" " ind1=" " tag="042">
      <subfield code="a">dc</subfield>
   </datafield>
   <datafield ind2=" " ind1=" " tag="720">
      <subfield code="a">Elgarresta Goikoetxea, Olaia</subfield>
      <subfield code="e">author</subfield>
   </datafield>
   <datafield ind2=" " ind1=" " tag="260">
      <subfield code="c">2025-05</subfield>
   </datafield>
   <datafield ind2=" " ind1=" " tag="520">
      <subfield code="a">Introducción: El cuidado de pacientes oncológicos implica una exposición constante al sufrimiento, tanto de los propios pacientes como de sus familias. Las enfermeras, como profesionales clave en este contexto, están especialmente expuestas a consecuencias físicas, psicoemocionales y profesionales derivadas de dicha exposición prolongada, lo que puede conducir al desarrollo de la fatiga por compasión.
Objetivo general: Explorar la percepción de enfermeras que atienden a pacientes oncológicos, tanto en servicios especializados como en atención primaria, en relación con los efectos de la fatiga por compasión sobre su bienestar personal, sus relaciones interpersonales y la calidad de la atención y gestión interdisciplinaria dirigida a pacientes y familiares.
Metodología: Se plantea un estudio cualitativo con enfoque fenomenológico. La muestra estará conformada por enfermeras de centros hospitalarios, de atención primaria y de unidades especializadas en oncología de la provincia de Lleida. La recogida de datos se realizará mediante grupos focales presenciales, conformados por 8 a 12 profesionales de diferentes perfiles. Las sesiones, de entre 60 y 90 minutos de duración, seguirán un guión semiestructurado y serán grabadas en audio para su posterior análisis.
Análisis de datos: Las entrevistas serán transcritas y analizadas con el software Atlas.ti. Se aplicarán criterios de rigor propios de la investigación cualitativa, tales como credibilidad, transferibilidad, dependencia y confirmabilidad, para garantizar la validez y fiabilidad de los resultados.
Aplicabilidad de los resultados: Los resultados obtenidos permitirán desarrollar estrategias orientadas a promover el bienestar psicológico de las enfermeras, con el objetivo de favorecer una atención más humanizada.</subfield>
   </datafield>
   <datafield ind2=" " ind1=" " tag="520">
      <subfield code="a">Introduction: Caring for cancer patients involves constant exposure to suffering, both of the patients themselves and of their families. Nurses, as key professionals in this context, are particularly exposed to the physical, psycho-emotional and professional consequences of such prolonged exposure, which may lead to the development of compassion fatigue.
General objective: To explore the perception of nurses caring for oncology patients, both in specialized services and in primary care, regarding the effects of compassion fatigue on their personal well-being, their interpersonal relationships, and the quality of care and interdisciplinary management for patients and families.
Methodology: This is a qualitative study with a phenomenological approach. The sample will be made up of nurses from hospitals, primary care centres and specialised oncology units in the province of Lleida. The data will be collected through face-to-face focus groups, made up of 8 to 12 professionals with different profiles. The sessions, lasting between 60 and 90 minutes, will follow a semi-structured script and will be audio-recorded for subsequent analysis.
Data analysis: Interviews will be transcribed and analysed using Atlas.ti software. Criteria of rigour typical of qualitative research, such as credibility, transferability, dependability and confirmability, will be applied to ensure the validity and reliability of the results.
Applicability of the results: The results obtained will allow the development of strategies aimed at promoting the psychological well-being of nurses, with the objective of favoring more humanized care.</subfield>
   </datafield>
   <datafield tag="653" ind2=" " ind1=" ">
      <subfield code="a">Fatiga por compasión</subfield>
   </datafield>
   <datafield tag="653" ind2=" " ind1=" ">
      <subfield code="a">Enfermería oncológica</subfield>
   </datafield>
   <datafield tag="653" ind2=" " ind1=" ">
      <subfield code="a">Salud mental</subfield>
   </datafield>
   <datafield tag="653" ind2=" " ind1=" ">
      <subfield code="a">Cuidado humanizado</subfield>
   </datafield>
   <datafield tag="653" ind2=" " ind1=" ">
      <subfield code="a">Compassion fatigue</subfield>
   </datafield>
   <datafield tag="653" ind2=" " ind1=" ">
      <subfield code="a">Oncology nursing</subfield>
   </datafield>
   <datafield tag="653" ind2=" " ind1=" ">
      <subfield code="a">Mental health</subfield>
   </datafield>
   <datafield tag="653" ind2=" " ind1=" ">
      <subfield code="a">Humanized care</subfield>
   </datafield>
   <datafield ind2="0" ind1="0" tag="245">
      <subfield code="a">Percepción de las enfermeras oncológicas sobre la influencia de la fatiga por compasión en el cuidado y bienestar personal</subfield>
   </datafield>
</record></metadata></record></GetRecord></OAI-PMH>